Education Psychology (Record no. 10006)

MARC details
000 -LEADER
fixed length control field 00557cam a2200217ua 4500
001 - CONTROL NUMBER
control field 11153
005 - DATE AND TIME OF LATEST TRANSACTION
control field 20260515114718.0
008 - FIXED-LENGTH DATA ELEMENTS--GENERAL INFORMATION
fixed length control field 190830n ii |||gr||||Z||||||eng
020 ## - INTERNATIONAL STANDARD BOOK NUMBER
International Standard Book Number 9789384275341
040 ## - CATALOGING SOURCE
Transcribing agency MAIN
041 ## - LANGUAGE CODE
Language code of text/sound track or separate title eng
082 ## - DEWEY DECIMAL CLASSIFICATION NUMBER
Classification number 370.15
100 ## - MAIN ENTRY--PERSONAL NAME
Personal name Ghanshyam Gupta,
Relator term Author.
245 ## - TITLE STATEMENT
Title Education Psychology
Statement of responsibility, etc. By Ghanshyam Gupta and others
260 ## - PUBLICATION, DISTRIBUTION, ETC.
Place of publication, distribution, etc. Silchar:
Name of publisher, distributor, etc. NE books and publishers.
300 ## - PHYSICAL DESCRIPTION
Extent 206p.
653 ## - INDEX TERM--UNCONTROLLED
Uncontrolled term Education
700 ## - ADDED ENTRY--PERSONAL NAME
Personal name Arimardan Singh,
Relator term Author.
700 ## - ADDED ENTRY--PERSONAL NAME
Personal name Kusum Dwivedi,
Relator term Author.
942 ## - ADDED ENTRY ELEMENTS (KOHA)
Koha item type Books
Holdings
Withdrawn status Lost status Damaged status Not for loan Home library Current library Shelving location Date acquired Total checkouts Full call number Barcode Date last seen Copy number Price effective from Koha item type
        Naharkatiya College Library Naharkatiya College Library General stacks 09/19/2020   370.15Educational Psychology | GUP 27461 09/19/2020 1 09/19/2020 Books